[Event "Tradewise Gibraltar ChallWk2"]
[Site "Gibraltar"]
[Date "2016.02.02"]
[Round "4.37"]
[White "Haddock, Paul"]
[Black "Reuben, Stewart"]
[Result "1/2-1/2"]
[WhiteElo "1606"]
[BlackElo "2047"]
[PlyCount "74"]
[EventDate "2016.01.30"]
[EventType "swiss"]
[EventRounds "5"]
[EventCountry "GGB"]
[SourceTitle "BritBase"]
[Source "www.saund.co.uk"]
[SourceDate "2018.02.10"]
[SourceVersion "1"]
[SourceVersionDate "2018.02.10"]
[SourceQuality "1"]

1. e4 c5 2. d4 cxd4 3. c3 d5 4. exd5 Nf6 5. Nf3 Nxd5 6. Nxd4 e6 7. Nd2 Be7 8.
N2f3 O-O 9. Bd3 Bf6 10. O-O Re8 11. Qc2 g6 12. Bc4 Nc6 13. Bh6 Nxd4 14. Nxd4
Qc7 15. Qb3 Nb6 16. Bb5 Bd7 17. Rad1 a6 18. Bxd7 Nxd7 19. Rd2 Nc5 20. Qc2 b5
21. a3 Rad8 22. Rfd1 Rd5 23. Nf3 Red8 24. Rxd5 exd5 25. Nd4 Ne6 26. Nxe6 fxe6
27. Qe2 e5 28. Qf3 Qf7 29. Qg3 d4 30. cxd4 exd4 31. Bg5 Bxg5 32. Qxg5 Rd7 33.
Qc5 d3 34. Kf1 h5 35. f3 Rd8 36. Qe3 Qc4 37. Rd2 Qd5 1/2-1/2

[Event "Tradewise Gibraltar ChallWk2"]
[Site "Gibraltar"]
[Date "2016.02.03"]
[Round "5.1"]
[White "Dolzhikova, Olga"]
[Black "Menna Barreto, Felipe Kubiaki"]
[Result "0-1"]
[WhiteElo "2126"]
[BlackElo "2247"]
[PlyCount "82"]
[EventDate "2016.01.30"]
[EventType "swiss"]
[EventRounds "5"]
[EventCountry "GGB"]
[SourceTitle "BritBase"]
[Source "www.saund.co.uk"]
[SourceDate "2018.02.10"]
[SourceVersion "1"]
[SourceVersionDate "2018.02.10"]
[SourceQuality "1"]

1. e4 e6 2. d4 d5 3. Nc3 Bb4 4. exd5 exd5 5. Bd3 Nc6 6. Nge2 Nge7 7. a3 Bxc3+
8. bxc3 Bg4 9. Bg5 f6 10. Bf4 Qd7 11. Rb1 Na5 12. Rb5 b6 13. O-O Nc4 14. Rb3
O-O-O 15. Re1 g5 16. Bc1 Rde8 17. f3 Bf5 18. Ng3 Bg6 19. Rb4 Nc6 20. Rb1 Nd6
21. a4 Na5 22. Ba3 Ndc4 23. Bb4 Qxa4 24. Nf5 Bxf5 25. Bxf5+ Kb7 26. Be6 Qc6 27.
Bf7 Rxe1+ 28. Qxe1 Nd6 29. Bh5 Nac4 30. Qe6 f5 31. Qe7 a5 32. Bxd6 Nxd6 33. Qe5
Ra8 34. f4 g4 35. h3 gxh3 36. Bf3 Ne4 37. Qxf5 hxg2 38. Re1 Re8 39. Bxg2 Nd6
40. Qxd5 Rxe1+ 41. Kf2 Ne4+ 0-1

[Event "Tradewise Gibraltar ChallWk2"]
[Site "Gibraltar"]
[Date "2016.02.03"]
[Round "5.2"]
[White "Kozarcanin, Sead"]
[Black "Longa Yauca, Javier"]
[Result "0-1"]
[WhiteElo "2073"]
[BlackElo "2234"]
[PlyCount "60"]
[EventDate "2016.01.30"]
[EventType "swiss"]
[EventRounds "5"]
[EventCountry "GGB"]
[SourceTitle "BritBase"]
[Source "www.saund.co.uk"]
[SourceDate "2018.02.10"]
[SourceVersion "1"]
[SourceVersionDate "2018.02.10"]
[SourceQuality "1"]

1. e4 e6 2. Qe2 c5 3. g3 Nc6 4. Bg2 g6 5. Nf3 Bg7 6. O-O d6 7. d3 Nge7 8. Nbd2
O-O 9. Re1 e5 10. c3 f5 11. exf5 gxf5 12. Nc4 b5 13. Na3 Rb8 14. Bg5 Qe8 15.
Nh4 d5 16. d4 cxd4 17. Nxb5 Ba6 18. a4 e4 19. cxd4 Nxd4 20. Qd1 Bxb5 21. axb5
Rxb5 22. Rxa7 Nec6 23. Ra2 Qb8 24. Bc1 Nb4 25. Ra4 Nd3 26. Re3 Nxc1 27. Qxc1 f4
28. gxf4 Qxf4 29. Rxd4 Bxd4 30. Rg3+ Kh8 0-1

[Event "Tradewise Gibraltar ChallWk2"]
[Site "Gibraltar"]
[Date "2016.02.03"]
[Round "5.3"]
[White "House, Glenn L"]
[Black "Boado Rodriguez, Martin"]
[Result "0-1"]
[WhiteElo "2226"]
[BlackElo "2121"]
[PlyCount "128"]
[EventDate "2016.01.30"]
[EventType "swiss"]
[EventRounds "5"]
[EventCountry "GGB"]
[SourceTitle "BritBase"]
[Source "www.saund.co.uk"]
[SourceDate "2018.02.10"]
[SourceVersion "1"]
[SourceVersionDate "2018.02.10"]
[SourceQuality "1"]

1. e4 Nf6 2. e5 Nd5 3. d4 Nb6 4. Nf3 d6 5. exd6 cxd6 6. c4 g6 7. Nc3 Bg7 8. Be3
O-O 9. b3 Nc6 10. Rc1 Bg4 11. Be2 d5 12. c5 Nc8 13. h3 Bxf3 14. Bxf3 e6 15. O-O
N8e7 16. Ne2 Nf5 17. Bg4 Nxe3 18. fxe3 b6 19. Qd2 a5 20. Nf4 bxc5 21. Rxc5 Qd6
22. Rfc1 Ne7 23. Rxa5 Rxa5 24. Qxa5 h5 25. Bf3 Nf5 26. Qd2 Bh6 27. Rc2 Nxe3 28.
Qxe3 Bxf4 29. Qc3 Qb6 30. Kf1 Rb8 31. Ke2 Bg5 32. Bxh5 Bf6 33. Bf3 Bxd4 34. Qc6
Qa7 35. Qc7 Qa6+ 36. Ke1 Ra8 37. Be2 Qa3 38. h4 Qf8 39. h5 Qh6 40. Qg3 g5 41.
Qd3 Qf6 42. Bf3 Rd8 43. g4 e5 44. Qf5 Qxf5 45. gxf5 e4 46. Bg4 Rd6 47. b4 Rb6
48. a3 Kg7 49. Rc8 Bb2 50. Rd8 d4 51. Kd2 Rc6 52. b5 e3+ 53. Kd3 Rc3+ 54. Ke4
e2 55. Bxe2 Re3+ 56. Kd5 Rxe2 57. b6 d3 58. b7 Be5 59. Kc4 d2 60. a4 Bc7 61.
Rd7 Bb8 62. a5 g4 63. Kc3 g3 64. Kc2 g2 0-1

[Event "Tradewise Gibraltar ChallWk2"]
[Site "Gibraltar"]
[Date "2016.02.03"]
[Round "5.4"]
[White "Verneuil, Pascal"]
[Black "Hamer, Martyn"]
[Result "1-0"]
[WhiteElo "2205"]
[BlackElo "2058"]
[PlyCount "57"]
[EventDate "2016.01.30"]
[EventType "swiss"]
[EventRounds "5"]
[EventCountry "GGB"]
[SourceTitle "BritBase"]
[Source "www.saund.co.uk"]
[SourceDate "2018.02.10"]
[SourceVersion "1"]
[SourceVersionDate "2018.02.10"]
[SourceQuality "1"]

1. e4 e5 2. Nf3 Nc6 3. Bb5 Nf6 4. d3 Bc5 5. Bxc6 dxc6 6. Nbd2 O-O 7. Qe2 Re8 8.
Nc4 Nd7 9. Bd2 f6 10. O-O-O Nb6 11. Ne3 Be6 12. Kb1 Qd7 13. Rdg1 Kh8 14. g4 Bf7
15. g5 Qe6 16. b3 a5 17. gxf6 gxf6 18. Nf5 Rg8 19. Bh6 Bf8 20. N3h4 a4 21.
Rxg8+ Bxg8 22. Bxf8 Rxf8 23. Qg4 Qd7 24. Rg1 Be6 25. Qh5 Rg8 26. Ng6+ Rxg6 27.
Rxg6 Bf7 28. Qh6 Bxg6 29. Qf8# 1-0

[Event "Tradewise Gibraltar ChallWk2"]
[Site "Gibraltar"]
[Date "2016.02.03"]
[Round "5.5"]
[White "Gonzalez Gonzalez, Alfonso"]
[Black "Lercel, Michal"]
[Result "0-1"]
[WhiteElo "2173"]
[BlackElo "2245"]
[PlyCount "102"]
[EventDate "2016.01.30"]
[EventType "swiss"]
[EventRounds "5"]
[EventCountry "GGB"]
[SourceTitle "BritBase"]
[Source "www.saund.co.uk"]
[SourceDate "2018.02.10"]
[SourceVersion "1"]
[SourceVersionDate "2018.02.10"]
[SourceQuality "1"]

1. d4 Nf6 2. Bg5 d5 3. Bxf6 exf6 4. c4 dxc4 5. Nc3 c6 6. g3 Bb4 7. Bg2 Qa5 8.
Qc2 O-O 9. e4 f5 10. e5 Be6 11. Nge2 Bd5 12. O-O Bxg2 13. Kxg2 Bxc3 14. Nxc3 g6
15. f4 Na6 16. g4 Nb4 17. Qe2 Nd5 18. gxf5 Nxc3 19. bxc3 Qxc3 20. Rad1 Qa5 21.
d5 cxd5 22. e6 d4 23. e7 Qd5+ 24. Qf3 Qxf3+ 25. Kxf3 Rfe8 26. f6 d3 27. Ke4
Rac8 28. f5 Rc6 29. fxg6 hxg6 30. h4 Kh7 31. h5 g5 32. Kf5 Kh6 33. Rf3 Re6 34.
a4 Rc8 35. Kg4 Rc5 36. Rf2 Rce5 37. Rb1 Re4+ 38. Kg3 b6 39. a5 Kxh5 40. axb6
axb6 41. Ra1 Re3+ 42. Kg2 Re2 43. Ra8 Rxf2+ 44. Kxf2 d2 45. Rd8 c3 46. Rd5 Kg6
47. Rd6 Re5 48. Rd5 Re1 49. Rd3 c2 50. Re3 Rxe3 51. Kxe3 c1=Q 0-1

[Event "Tradewise Gibraltar ChallWk2"]
[Site "Gibraltar"]
[Date "2016.02.03"]
[Round "5.6"]
[White "George, Lolomari Erekosima"]
[Black "Pinho, Paulo"]
[Result "1-0"]
[WhiteElo "1937"]
[BlackElo "2197"]
[PlyCount "49"]
[EventDate "2016.01.30"]
[EventType "swiss"]
[EventRounds "5"]
[EventCountry "GGB"]
[SourceTitle "BritBase"]
[Source "www.saund.co.uk"]
[SourceDate "2018.02.10"]
[SourceVersion "1"]
[SourceVersionDate "2018.02.10"]
[SourceQuality "1"]

1. Nf3 c5 2. c4 Nf6 3. g3 b6 4. Bg2 Bb7 5. O-O e6 6. b3 Be7 7. Bb2 O-O 8. e3 d5
9. Qe2 Nc6 10. Rd1 Rc8 11. Nc3 d4 12. exd4 cxd4 13. Nb5 d3 14. Qf1 Bc5 15. Ne1
Ng4 16. Nxd3 Be7 17. Nxa7 Nxa7 18. Bxb7 Rc7 19. Bf3 Nh6 20. Ne5 Nf5 21. d4 Qb8
22. a4 Rd8 23. Qe2 Bf6 24. Rac1 g6 25. b4 1-0

[Event "Tradewise Gibraltar ChallWk2"]
[Site "Gibraltar"]
[Date "2016.02.03"]
[Round "5.7"]
[White "Midonet, Mathieu"]
[Black "Campbell, Charles"]
[Result "0-1"]
[WhiteElo "2211"]
[BlackElo "2157"]
[PlyCount "78"]
[EventDate "2016.01.30"]
[EventType "swiss"]
[EventRounds "5"]
[EventCountry "GGB"]
[SourceTitle "BritBase"]
[Source "www.saund.co.uk"]
[SourceDate "2018.02.10"]
[SourceVersion "1"]
[SourceVersionDate "2018.02.10"]
[SourceQuality "1"]

1. e4 c6 2. Ne2 d5 3. e5 d4 4. d3 c5 5. f4 h5 6. c3 Nc6 7. b4 cxb4 8. cxb4 Nxb4
9. Qa4+ Nc6 10. Nd2 Nh6 11. Nc4 Bd7 12. Qb5 e6 13. Nd6+ Bxd6 14. exd6 Nf5 15.
Ng3 Nxd6 16. Qb3 h4 17. Ne4 Nxe4 18. dxe4 O-O 19. Bd3 e5 20. f5 Qb6 21. Bg5
Qxb3 22. axb3 Nb4 23. Kd2 Nxd3 24. Kxd3 h3 25. gxh3 f6 26. Bc1 Rfc8 27. Bb2
Bb5+ 28. Kd2 Bc6 29. Kd3 Kf7 30. Rhg1 Rh8 31. Rg3 Rh4 32. Re1 Rah8 33. Rg4 Bb5+
34. Kc2 Rxh3 35. Reg1 Rxh2+ 36. Kb1 R8h7 37. b4 Re2 38. Rc1 Bc6 39. Ka1 a6 0-1

[Event "Tradewise Gibraltar ChallWk2"]
[Site "Gibraltar"]
[Date "2016.02.03"]
[Round "5.8"]
[White "Gueler, Sebastian"]
[Black "Ungureanu, Sandu"]
[Result "1/2-1/2"]
[WhiteElo "2189"]
[BlackElo "2051"]
[PlyCount "174"]
[EventDate "2016.01.30"]
[EventType "swiss"]
[EventRounds "5"]
[EventCountry "GGB"]
[SourceTitle "BritBase"]
[Source "www.saund.co.uk"]
[SourceDate "2018.02.10"]
[SourceVersion "1"]
[SourceVersionDate "2018.02.10"]
[SourceQuality "1"]

1. c4 c5 2. Nf3 Nc6 3. d4 cxd4 4. Nxd4 Nf6 5. Nc3 Nxd4 6. Qxd4 g6 7. g3 Bg7 8.
Bg2 O-O 9. O-O d6 10. Qd3 a6 11. Be3 Ng4 12. Bd4 Ne5 13. Qd1 Rb8 14. Ba7 Ra8
15. Bd4 Nc6 16. Bxg7 Kxg7 17. Rc1 Be6 18. a3 f6 19. Nd5 Rc8 20. b4 Bxd5 21.
Bxd5 b6 22. Be6 Rc7 23. h4 Qb8 24. h5 a5 25. hxg6 hxg6 26. Qd2 axb4 27. axb4
Rh8 28. Kg2 Nd8 29. Bd5 Nf7 30. Ra1 Ra7 31. Qe3 e5 32. Rxa7 Qxa7 33. Rh1 Rxh1
34. Kxh1 Nh6 35. Bf3 f5 36. Qc1 e4 37. Bg2 e3 38. Qc3+ Kh7 39. f3 f4 40. Bh3
Qe7 41. Qd4 fxg3 42. Kg2 Nf5 43. Bxf5 gxf5 44. Qf4 Kg6 45. Qxg3+ Kf7 46. Qf4
Qe6 47. Qd4 Qg6+ 48. Kf1 Qh6 49. Kg2 f4 50. Qd5+ Ke7 51. Qe4+ Kf6 52. Qd4+ Kg5
53. Qe4 Qg7 54. Kh3 Qh8+ 55. Kg2 Qf6 56. Qd5+ Kh4 57. Qg8 Kh5 58. Qg4+ Kh6 59.
Kh3 Qe5 60. Kh4 Qe7+ 61. Kh3 Qf7 62. Qh4+ Qh5 63. Qxh5+ Kxh5 64. b5 Kg5 65. Kg2
Kf5 66. Kh3 Ke5 67. Kg4 Kd4 68. Kxf4 Kxc4 69. Kxe3 Kxb5 70. Kd4 Kc6 71. e4 b5
72. f4 Kb6 73. f5 Kc7 74. Kc3 Kc6 75. Kd4 Kc7 76. Kd5 Kd7 77. Kd4 Ke7 78. Kd5
Kf7 79. Kxd6 b4 80. Kd7 Kf6 81. Kd6 b3 82. e5+ Kf7 83. Kd7 b2 84. e6+ Kf6 85.
e7 b1=Q 86. e8=Q Qb5+ 87. Kd8 Qxe8+ 1/2-1/2

[Event "Tradewise Gibraltar ChallWk2"]
[Site "Gibraltar"]
[Date "2016.02.03"]
[Round "5.9"]
[White "Vinas Guerrero, Carlos A"]
[Black "Broekman, Willem"]
[Result "1/2-1/2"]
[WhiteElo "2123"]
[BlackElo "1978"]
[PlyCount "120"]
[EventDate "2016.01.30"]
[EventType "swiss"]
[EventRounds "5"]
[EventCountry "GGB"]
[SourceTitle "BritBase"]
[Source "www.saund.co.uk"]
[SourceDate "2018.02.10"]
[SourceVersion "1"]
[SourceVersionDate "2018.02.10"]
[SourceQuality "1"]

1. e4 e6 2. d4 d5 3. Nd2 c5 4. exd5 Qxd5 5. dxc5 Bxc5 6. Ngf3 Nf6 7. Bc4 Qh5 8.
Qe2 Bd7 9. O-O O-O 10. Ne5 Qxe2 11. Bxe2 Ba4 12. Bf3 Bc6 13. Nxc6 Nxc6 14. c3
Rac8 15. Nb3 Be7 16. Rd1 b6 17. Bf4 Rfd8 18. Rxd8+ Bxd8 19. Rd1 Be7 20. a4 Kf8
21. Kf1 Ke8 22. Bg3 Nd7 23. Be2 Ndb8 24. Bb5 a6 25. Be2 Rd8 26. Ke1 Rxd1+ 27.
Kxd1 Kd7 28. Nd2 Bd6 29. b4 Bxg3 30. hxg3 Kc7 31. Kc2 a5 32. bxa5 Nxa5 33. Ne4
f6 34. Bb5 Nbc6 35. f4 Ne7 36. c4 Nf5 37. Kd3 Nd6 38. c5 Nxe4 39. cxb6+ Kxb6
40. Kxe4 Kc5 41. g4 h6 42. Bd7 Kd6 43. Bb5 Nb3 44. Kd3 e5 45. g3 Kc5 46. Ke4
Kd6 47. Kf5 Nd4+ 48. Ke4 g5 49. fxe5+ fxe5 50. Bd3 Nb3 51. Bc2 Nc5+ 52. Kf5 Kd5
53. a5 e4 54. Bxe4+ Nxe4 55. a6 Nxg3+ 56. Kg6 Kc6 57. Kxh6 Ne4 58. Kg6 Kb6 59.
Kf5 Nf2 60. Kxg5 Nxg4 1/2-1/2

[Event "Tradewise Gibraltar ChallWk2"]
[Site "Gibraltar"]
[Date "2016.02.03"]
[Round "5.10"]
[White "Romero Valencia, Fernando"]
[Black "Del Amo Carbo, Jordi"]
[Result "1/2-1/2"]
[WhiteElo "2054"]
[BlackElo "2113"]
[PlyCount "90"]
[EventDate "2016.01.30"]
[EventType "swiss"]
[EventRounds "5"]
[EventCountry "GGB"]
[SourceTitle "BritBase"]
[Source "www.saund.co.uk"]
[SourceDate "2018.02.10"]
[SourceVersion "1"]
[SourceVersionDate "2018.02.10"]
[SourceQuality "1"]

1. d4 Nf6 2. Nf3 e6 3. Bg5 d5 4. e3 Be7 5. Bd3 Nbd7 6. Nbd2 O-O 7. Ne5 c5 8. c3
Nxe5 9. dxe5 Nd7 10. Bf4 f6 11. Nf3 fxe5 12. Nxe5 Qe8 13. Qc2 Nxe5 14. Bxe5 Qh5
15. Bf4 c4 16. Be2 Qf7 17. Bg3 b5 18. e4 Bb7 19. Bf3 Qg6 20. Qe2 dxe4 21. Bh5
Qg5 22. O-O Rad8 23. Rad1 Kh8 24. a4 a6 25. Bc7 Rd3 26. Bb6 Bc5 27. Bxc5 Qxc5
28. axb5 axb5 29. Bg4 e5 30. Qe1 Qd5 31. Be2 e3 32. f3 Rd2 33. Qh4 Rd8 34. h3
h6 35. Qe7 Bc6 36. Qa7 Qg8 37. Qxe3 Rxb2 38. Rxd8 Qxd8 39. Rd1 Qe8 40. Qb6 Kh7
41. Bxc4 Qg6 42. Bf1 e4 43. fxe4 Bxe4 44. Qxg6+ Kxg6 45. Rd4 Kf5 1/2-1/2

[Event "Tradewise Gibraltar ChallWk2"]
[Site "Gibraltar"]
[Date "2016.02.03"]
[Round "5.11"]
[White "Schouten, Freek"]
[Black "Omoifo, Osemekhian I"]
[Result "1/2-1/2"]
[WhiteElo "2053"]
[BlackElo "2106"]
[PlyCount "65"]
[EventDate "2016.01.30"]
[EventType "swiss"]
[EventRounds "5"]
[EventCountry "GGB"]
[SourceTitle "BritBase"]
[Source "www.saund.co.uk"]
[SourceDate "2018.02.10"]
[SourceVersion "1"]
[SourceVersionDate "2018.02.10"]
[SourceQuality "1"]

1. Nf3 Nf6 2. c4 g6 3. b4 Bg7 4. Bb2 O-O 5. g3 d6 6. Bg2 c6 7. O-O Na6 8. a3
Bg4 9. d3 Nc7 10. Nbd2 Qd7 11. a4 Bh3 12. b5 Bxg2 13. Kxg2 Ne6 14. Qc2 a6 15.
Rfb1 axb5 16. axb5 cxb5 17. cxb5 Rxa1 18. Bxa1 Rc8 19. Qa2 Rc5 20. Qa8+ Ne8 21.
Bxg7 Kxg7 22. b6 Nf6 23. Nc4 h6 24. Ra1 Nd8 25. Qa2 Rh5 26. Qb2 Qh3+ 27. Kg1
Rc5 28. Ncd2 Kh7 29. Ra8 Rc8 30. Rxc8 Qxc8 31. Nc4 Qc5 32. Qd4 Qb5 33. Kg2
1/2-1/2

[Event "Tradewise Gibraltar ChallWk2"]
[Site "Gibraltar"]
[Date "2016.02.03"]
[Round "5.12"]
[White "Martin Macias, Daniel"]
[Black "Gaspar, Ioan-Dan"]
[Result "1-0"]
[WhiteElo "2104"]
[BlackElo "1486"]
[PlyCount "69"]
[EventDate "2016.01.30"]
[EventType "swiss"]
[EventRounds "5"]
[EventCountry "GGB"]
[SourceTitle "BritBase"]
[Source "www.saund.co.uk"]
[SourceDate "2018.02.10"]
[SourceVersion "1"]
[SourceVersionDate "2018.02.10"]
[SourceQuality "1"]

1. d4 d5 2. c4 Nc6 3. Nc3 dxc4 4. d5 Ne5 5. e4 Nf6 6. Bxc4 Nxc4 7. Qa4+ Nd7 8.
Qxc4 Nb6 9. Qb3 e5 10. Nf3 Bd6 11. Bg5 f6 12. Be3 a6 13. O-O Nd7 14. Rac1 O-O
15. a4 h6 16. Nh4 b6 17. Nf5 Nc5 18. Bxc5 bxc5 19. Qc2 g6 20. Ne3 f5 21. f3 Qg5
22. Nc4 Rb8 23. f4 Qf6 24. Rce1 Rb4 25. fxe5 Bxe5 26. Nxe5 Qxe5 27. exf5 Qd4+
28. Kh1 Bxf5 29. Qc1 Qg7 30. Rf2 Rfb8 31. Rfe2 g5 32. Re7 Qd4 33. Rxc7 Rxb2 34.
Qxb2 Rf8 35. Qc1 1-0

[Event "Tradewise Gibraltar ChallWk2"]
[Site "Gibraltar"]
[Date "2016.02.03"]
[Round "5.13"]
[White "Samaganova, Alexandra"]
[Black "Carlsten, Peter"]
[Result "1-0"]
[WhiteElo "1992"]
[BlackElo "2074"]
[PlyCount "107"]
[EventDate "2016.01.30"]
[EventType "swiss"]
[EventRounds "5"]
[EventCountry "GGB"]
[SourceTitle "BritBase"]
[Source "www.saund.co.uk"]
[SourceDate "2018.02.10"]
[SourceVersion "1"]
[SourceVersionDate "2018.02.10"]
[SourceQuality "1"]

1. c4 f5 2. Nc3 Nf6 3. g3 g6 4. Bg2 Bg7 5. e3 O-O 6. Nge2 c6 7. O-O d6 8. Rb1
Be6 9. d3 a5 10. a3 Bf7 11. b4 axb4 12. axb4 e5 13. b5 d5 14. bxc6 bxc6 15.
cxd5 cxd5 16. d4 e4 17. Nb5 Re8 18. Qc2 Qd7 19. Nec3 Rc8 20. Ba3 Bf8 21. Bxf8
Kxf8 22. Qb3 Nc6 23. Na4 Rcb8 24. Nc5 Qe7 25. Qc2 Na5 26. Rfc1 Ne8 27. Bf1 Nd6
28. Nxd6 Qxd6 29. Rxb8+ Rxb8 30. Qa4 Nc6 31. Nxe4 fxe4 32. Rxc6 Qd7 33. Qa3+
Kg7 34. Qd6 Qb7 35. Rc7 Qb3 36. Qe5+ Kg8 37. Qf6 Rf8 38. h4 Qd1 39. Re7 Qg4 40.
Kh2 h5 41. Bh3 Qf3 42. Qxf3 exf3 43. g4 Rb8 44. Kg3 Kf8 45. Re5 Rb1 46. gxh5
gxh5 47. Kxf3 Rb6 48. Kg3 Rf6 49. Rf5 Rb6 50. Bg2 Rd6 51. Bf3 Kg7 52. Bxh5 Be6
53. Rg5+ Kh6 54. Bg4 1-0

[Event "Tradewise Gibraltar ChallWk2"]
[Site "Gibraltar"]
[Date "2016.02.03"]
[Round "5.14"]
[White "Kandic, Milan"]
[Black "Vardi, Shlomit"]
[Result "1/2-1/2"]
[WhiteElo "2109"]
[BlackElo "1966"]
[PlyCount "60"]
[EventDate "2016.01.30"]
[EventType "swiss"]
[EventRounds "5"]
[EventCountry "GGB"]
[SourceTitle "BritBase"]
[Source "www.saund.co.uk"]
[SourceDate "2018.02.10"]
[SourceVersion "1"]
[SourceVersionDate "2018.02.10"]
[SourceQuality "1"]

1. e4 d6 2. d4 g6 3. Be3 Bg7 4. Nc3 a6 5. a4 Nc6 6. Nf3 Nf6 7. d5 Nb8 8. Be2 c6
9. O-O cxd5 10. exd5 Bg4 11. Qd2 Nbd7 12. Bh6 O-O 13. Bxg7 Kxg7 14. h3 Bxf3 15.
Bxf3 Ne5 16. Be2 Rc8 17. Qd4 Qc7 18. Rfe1 Rfe8 19. Rad1 Qc5 20. Bf1 Nc4 21.
Bxc4 Qxc4 22. Re3 b5 23. b3 Qc5 24. axb5 axb5 25. Qxc5 Rxc5 26. b4 Rc4 27. Nxb5
Rxc2 28. Rb3 Rec8 29. Na7 R8c7 30. Nb5 Rc8 1/2-1/2

[Event "Tradewise Gibraltar ChallWk2"]
[Site "Gibraltar"]
[Date "2016.02.03"]
[Round "5.15"]
[White "Odeh, Kenneth"]
[Black "Ajele, Rotimi"]
[Result "0-1"]
[WhiteElo "2014"]
[BlackElo "2163"]
[PlyCount "64"]
[EventDate "2016.01.30"]
[EventType "swiss"]
[EventRounds "5"]
[EventCountry "GGB"]
[SourceTitle "BritBase"]
[Source "www.saund.co.uk"]
[SourceDate "2018.02.10"]
[SourceVersion "1"]
[SourceVersionDate "2018.02.10"]
[SourceQuality "1"]

1. e4 e5 2. Nf3 Nc6 3. Bb5 a6 4. Bxc6 dxc6 5. O-O Bd6 6. d4 exd4 7. Qxd4 f6 8.
Nc3 Be6 9. a3 Ne7 10. Re1 Ng6 11. Kh1 O-O 12. Be3 Qe7 13. Qd2 Rad8 14. Qe2 Nf4
15. Bxf4 Bxf4 16. Rad1 Qc5 17. Na4 Qh5 18. h3 b5 19. Rxd8 Rxd8 20. Nd4 Qxe2 21.
Nxe2 Bd2 22. Rd1 bxa4 23. f4 Rd6 24. e5 fxe5 25. fxe5 Rd7 26. c3 Be3 27. Rxd7
Bxd7 28. g4 h5 29. gxh5 Bxh3 30. Nd4 Bxd4 31. cxd4 Kf7 32. Kh2 Bg4 0-1

[Event "Tradewise Gibraltar ChallWk2"]
[Site "Gibraltar"]
[Date "2016.02.03"]
[Round "5.16"]
[White "Gostelow, David W"]
[Black "Lung, Liviu-Catalin"]
[Result "0-1"]
[WhiteElo "2023"]
[BlackElo "2141"]
[PlyCount "68"]
[EventDate "2016.01.30"]
[EventType "swiss"]
[EventRounds "5"]
[EventCountry "GGB"]
[SourceTitle "BritBase"]
[Source "www.saund.co.uk"]
[SourceDate "2018.02.10"]
[SourceVersion "1"]
[SourceVersionDate "2018.02.10"]
[SourceQuality "1"]

1. d4 Nf6 2. Nf3 g6 3. Bf4 c5 4. c3 Bg7 5. e3 O-O 6. Nbd2 d6 7. h3 Nbd7 8. Be2
Re8 9. O-O e5 10. Bh2 e4 11. Ne1 cxd4 12. cxd4 d5 13. Rc1 Nf8 14. Qb3 Ne6 15.
Nc2 Bf8 16. Be5 Be7 17. f3 Ng5 18. f4 Ne6 19. f5 Nf8 20. fxg6 Nxg6 21. Rf2 Nd7
22. Qxd5 Ndxe5 23. Qxe4 Bh4 24. Rff1 f5 25. Rxf5 Bxf5 26. Qxf5 Rf8 27. Qe6+ Kh8
28. Ne4 Qd7 29. Qb3 Qf5 30. Nc3 Nd3 31. Rf1 Nf2 32. Nd1 Rac8 33. Bg4 Nxh3+ 34.
Bxh3 Qxf1+ 0-1

[Event "Tradewise Gibraltar ChallWk2"]
[Site "Gibraltar"]
[Date "2016.02.03"]
[Round "5.17"]
[White "Tranter, Stephen"]
[Black "Osuna Vega, Enrique"]
[Result "0-1"]
[WhiteElo "1952"]
[BlackElo "2127"]
[Annotator "Rudd,Jack"]
[PlyCount "49"]
[EventDate "2016.01.30"]
[EventType "swiss"]
[EventRounds "5"]
[EventCountry "GGB"]
[SourceTitle "BritBase"]
[Source "www.saund.co.uk"]
[SourceDate "2018.02.10"]
[SourceVersion "1"]
[SourceVersionDate "2018.02.10"]
[SourceQuality "1"]

1. b3 e5 2. Bb2 Nc6 3. e3 d6 4. Ne2 Bg4 5. h3 Bh5 6. g4 Bg6 7. Bg2 h5 8. Ng3
hxg4 9. Bxc6+ bxc6 10. Qxg4 Rh4 11. Qf3 Qd7 12. Na3 d5 13. O-O-O a5 14. Nb1 e4
15. Qg2 a4 16. f3 axb3 17. axb3 exf3 18. Qxf3 Nh6 19. Rdf1 Rxh3 20. Rfg1 Bd6
21. Nc3 Be5 22. d4 Bf6 23. Nce2 Bh5 24. Qg2 Rh4 25. Qf2 {The scoresheet stops
making sense at this point} 0-1

[Event "Tradewise Gibraltar ChallWk2"]
[Site "Gibraltar"]
[Date "2016.02.03"]
[Round "5.18"]
[White "Jameson, David"]
[Black "Harding, Tim D"]
[Result "1-0"]
[WhiteElo "2095"]
[BlackElo "2006"]
[PlyCount "61"]
[EventDate "2016.01.30"]
[EventType "swiss"]
[EventRounds "5"]
[EventCountry "GGB"]
[SourceTitle "BritBase"]
[Source "www.saund.co.uk"]
[SourceDate "2018.02.10"]
[SourceVersion "1"]
[SourceVersionDate "2018.02.10"]
[SourceQuality "1"]

1. e4 e6 2. d4 d5 3. Nd2 Nf6 4. e5 Nfd7 5. c3 c5 6. Bd3 Nc6 7. Ne2 cxd4 8. cxd4
f6 9. Nf4 Nxd4 10. Qh5+ Ke7 11. exf6+ Nxf6 12. Ng6+ hxg6 13. Qxh8 Kf7 14. O-O
e5 15. Nb3 Ne6 16. Qh4 Bd6 17. Bg5 Bd7 18. Rad1 Bc6 19. f4 exf4 20. Bxf4 Nxf4
21. Rxf4 Bxf4 22. Qxf4 Qb6+ 23. Kh1 Re8 24. Qg3 Ne4 25. Rf1+ Kg8 26. Bxe4 Rxe4
27. h3 d4 28. Qb8+ Kh7 29. Rf8 g5 30. Rh8+ Kg6 31. Qd6+ 1-0

[Event "Tradewise Gibraltar ChallWk2"]
[Site "Gibraltar"]
[Date "2016.02.03"]
[Round "5.19"]
[White "Ramirez Dominguez, Agustin"]
[Black "Pabalan, Rocky"]
[Result "0-1"]
[WhiteElo "2011"]
[BlackElo "2089"]
[PlyCount "102"]
[EventDate "2016.01.30"]
[EventType "swiss"]
[EventRounds "5"]
[EventCountry "GGB"]
[SourceTitle "BritBase"]
[Source "www.saund.co.uk"]
[SourceDate "2018.02.10"]
[SourceVersion "1"]
[SourceVersionDate "2018.02.10"]
[SourceQuality "1"]

1. e4 c5 2. d4 cxd4 3. c3 g6 4. Nf3 Bg7 5. Bc4 e6 6. O-O Ne7 7. e5 d5 8. exd6
Qxd6 9. Nxd4 O-O 10. Nb5 Qc6 11. N1a3 a6 12. Nd4 Qc7 13. Qe2 e5 14. Nf3 b5 15.
Bb3 Bb7 16. Nc2 Nbc6 17. Re1 Nf5 18. Ne3 Nxe3 19. Qxe3 Na5 20. Bc2 Nc4 21. Qe2
Nd6 22. Ng5 Qc6 23. f3 h6 24. Ne4 f5 25. Nxd6 Qxd6 26. Be3 g5 27. Rad1 Qc7 28.
Bb3+ Kh8 29. Bd5 Rad8 30. Bxb7 Qxb7 31. Rxd8 Rxd8 32. Rd1 Qc7 33. Rxd8+ Qxd8
34. Qd2 Qg8 35. b3 Qe6 36. Qd3 e4 37. fxe4 fxe4 38. Qd2 Kh7 39. Qc2 Qg6 40. c4
b4 41. Qe2 Be5 42. Qf2 Qd6 43. Qd2 Bxh2+ 44. Kh1 Qxd2 45. Bxd2 Bd6 46. Be3 Bf4
47. Bb6 Kg6 48. Kg1 Kf5 49. Kf1 Ke6 50. Ke2 h5 51. Bc5 h4 0-1